| 000 | 00707 a2200193 4500 | ||
|---|---|---|---|
| 020 | _a1584884436 | ||
| 020 | _a9781584884439 | ||
| 082 | _a519.2 | ||
| 090 |
_c1202 _d1202 |
||
| 100 | 1 | _aChow, Pao-Liu. | |
| 245 | 1 | 0 |
_aStochastic partial differential equations / _cPao-Liu Chow. |
| 260 |
_a[S.l.] : _bChapman and Hall/CRC, _c2007. |
||
| 300 |
_a281 p. ; _c24 cm. |
||
| 490 | 1 | _aChapman & hall/crc applied mathematics & nonlinear science. | |
| 700 | _aChow, Pao-Liu. | ||
| 830 | 0 | _aChapman & hall/crc applied mathematics & nonlinear science. | |
| 942 |
_aSNS _cBK _k519.2 CHO |
||
| 999 |
_c29815 _d29815 |
||